| 000 | 00686nam a2200217 i 4500 | ||
|---|---|---|---|
| 001 | 45314 | ||
| 003 | ES-MaACL | ||
| 005 | 20250730081740.0 | ||
| 007 | t| | ||
| 008 | 030325s1957 sp ||||1| spa d | ||
| 100 | 1 |
_aColón, Cristóbal. _939869 |
|
| 245 | 1 | 0 |
_aDiario de a bordo de Cristóbal Colón _b: . Primer viaje / _cCristóbal Colón, Bartolomé de las Casas. |
| 250 | _a1ª ed. | ||
| 260 |
_aBarcelona : _bArcadia, _c[1957] ( _fAymami) |
||
| 300 |
_a190 p. ; _c19 cm. |
||
| 490 | 1 | _aEspaña heróica | |
| 700 | 1 |
_aCasas, Bartolomé de las, _d1474-1566 _9140251 |
|
| 830 | 0 |
_aEspaña heróica _9229932 |
|
| 852 |
_aES-MaACL _jC-12910 _bR.40889 |
||
| 999 |
_c45314 _d45314 |
||